| 000 | 01376nam a2200469 a 4500 | ||
|---|---|---|---|
| 003 | AR-BaBNM | ||
| 005 | 20251128205132.0 | ||
| 008 | 082120s2002 ||||||||||||||000 | spa|| | ||
| 020 | _a84-7432-526-9 | ||
| 040 | _cAR-BaBNM | ||
| 245 | 0 | 0 | _aCiencias sociales y formación ambiental |
| 250 | _a1ª ed. | ||
| 260 |
_aBarcelona _bGedisa _c1994 |
||
| 300 | _a321 p. | ||
| 490 | 0 | _aHombre y sociedad. Ciencias sociales | |
| 500 | _aEnrique Leff funge como compilador de la obra | ||
| 500 | _aNoticia acerca de los autores: p. 7-8 | ||
| 500 | _aEs una coedición con la Red de Formación Ambiental para América Latina y el Caribe y PNUMA | ||
| 504 | _aContiene bibliografía al final de cada capítulo | ||
| 650 | 4 | _aSOCIOLOGIA | |
| 650 | 4 | _aCIENCIAS SOCIALES | |
| 650 | 4 | _aDERECHO | |
| 650 | 4 | _aEDUCACION | |
| 650 | 4 | _aECONOMIA | |
| 650 | 4 | _aANTROPOLOGIA | |
| 650 | 4 | _aCIENCIAS AMBIENTALES | |
| 650 | 4 | _aMEDIO AMBIENTE | |
| 650 | 4 | _aEDUCACION AMBIENTAL | |
| 650 | 4 | _aCAMBIOS AMBIENTALES | |
| 650 | 4 | _aLEGISLACION AMBIENTAL | |
| 650 | 4 | _aPROCESOS SOCIALES | |
| 650 | 4 | _aCAMBIO SOCIAL | |
| 650 | 4 | _aECOLOGIA | |
| 700 | 1 | _aLeff, Enrique | |
| 700 | 1 | _aGarcía, Rolando | |
| 700 | 1 | _aGutman, Pablo | |
| 700 | 1 | _aToledo, Víctor M. | |
| 700 | 1 | _aVessuri, Hebe M.C. | |
| 700 | 1 | _aFernández, Roberto | |
| 942 | _cBK | ||
| 998 | _cEnrique | ||
| 999 |
_c10133 _d10133 |
||